00924nam a22002417a 450000500170000001000130001702000260003003700160005604000120007208200150008410000260009924500550012526000530018027000490023330000260028250000190030865000320032765000280035994200240038799900190041195201310043095201210056120170124105909.0 aB-216703 a9788175155114c295.00 bCen Lib/Ret aDPLbEN a658.8bMAT aMathur, U. C.9105629 aTextbook of marketing management /cby U.C. Mathur aNew DelhibGalgitia Publications Pvt. Ltd.c2006 a5, Ansari Road, DaryaganjbNew Delhie110002 av, 666p. :c20cm(pbk) aIncludes index aBusiness Management9105630 aSales Management919619 2ddccENh658.8mMAT c122420d122420 001040718REFaLbLd2015-05-22eCen Lib/Retg295.00l0o658.8 MATpB-216703r2015-05-22 00:00:00t1v295.00w2016-09-15yEN 00102ddc40708NFICaZLSbZLSd2019-04-10l1o658.8 MATpB-216711r2019-12-24 00:00:00s2019-12-21w2019-04-10yEN